Grass-root democracy in Haryana: A case study of Bharawas village panchayat (Record no. 202155)

MARC details
000 -LEADER
fixed length control field 00362nam a2200133Ia 4500
008 - FIXED-LENGTH DATA ELEMENTS--GENERAL INFORMATION
fixed length control field 230917s9999||||xx |||||||||||||| ||und||
040 ## - CATALOGING SOURCE
-- 89974
Original cataloging agency VIVEKANANDA LIBRARY
041 ## - Language
-- English
082 ## - DDC NUMBER
Classification number 352.054558 Y11G
100 ## - MAIN ENTRY--PERSONAL NAME
Personal name Yadav, Khushi Ram
245 #0 - TITLE STATEMENT
Title Grass-root democracy in Haryana: A case study of Bharawas village panchayat
300 ## - PHYSICAL DESCRIPTION
Pages 107 p.
942 ## - ADDED ENTRY ELEMENTS (KOHA)
Koha item type Thesis
Holdings
Withdrawn status Lost status Damaged status Not for loan Location (home branch) Sublocation or collection (holding branch) Shelving location Date acquired Koha issues (times borrowed) Koha full call number Accession No. Koha date last seen Koha item type
        VIVEKANANDA LIBRARY VIVEKANANDA LIBRARY Reference 02/05/2003   352.054558 Y11G 61662 17/09/2023 Thesis
© Designed and Maintained by Vivekananda Library, MDU Rohtak